[Event "Wood Green Invitational"]
[Site "Stafford"]
[Date "2024.07.16"]
[Round "9.2"]
[White "Fitzsimons, David"]
[Black "Fernandez, Daniel H"]
[Result "1/2-1/2"]
[WhiteElo "2320"]
[BlackElo "2525"]
[PlyCount "47"]
[EventDate "2024.07.12"]
[EventType "tourn"]
[EventRounds "9"]
[EventCountry "ENG"]
[SourceTitle "BritBase"]
[Source "John Saunders"]
[SourceDate "2024.07.17"]
[SourceVersion "1"]
[SourceVersionDate "2024.07.17"]
[SourceQuality "1"]

1. e4 e6 2. d4 d5 3. Nc3 Bb4 4. Nge2 dxe4 5. a3 Be7 6. Nxe4 Bd7 7. c4 Nf6 8.
N4c3 O-O 9. Be3 e5 10. h3 exd4 11. Nxd4 Nc6 12. Be2 Nxd4 13. Qxd4 Bc6 14. O-O
a5 15. Rfd1 Qxd4 16. Bxd4 Rad8 17. Be5 Rxd1+ 18. Rxd1 Rc8 19. Nb5 Bxb5 20. cxb5
Ne8 21. Bf3 b6 22. Rd7 Kf8 23. Bc6 f6 24. Bg3 1/2-1/2

[Event "Wood Green Invitational"]
[Site "Stafford"]
[Date "2024.07.16"]
[Round "9.3"]
[White "Wadsworth, Matthew J"]
[Black "Willow, Jonah B"]
[Result "1/2-1/2"]
[WhiteElo "2456"]
[BlackElo "2416"]
[PlyCount "20"]
[EventDate "2024.07.12"]
[EventType "tourn"]
[EventRounds "9"]
[EventCountry "ENG"]
[SourceTitle "BritBase"]
[Source "John Saunders"]
[SourceDate "2024.07.17"]
[SourceVersion "1"]
[SourceVersionDate "2024.07.17"]
[SourceQuality "1"]

1. d4 Nf6 2. c4 e6 3. Nf3 d5 4. g3 dxc4 5. Bg2 Bb4+ 6. Bd2 a5 7. a3 Bxd2+ 8.
Nbxd2 b5 9. b3 cxb3 10. Qxb3 c6 1/2-1/2

[Event "Wood Green Invitational"]
[Site "Stafford"]
[Date "2024.07.16"]
[Round "9.5"]
[White "Ernst, Sipke"]
[Black "Haydon, David L"]
[Result "1-0"]
[WhiteElo "2512"]
[BlackElo "2255"]
[PlyCount "107"]
[EventDate "2024.07.12"]
[EventType "tourn"]
[EventRounds "9"]
[EventCountry "ENG"]
[SourceTitle "BritBase"]
[Source "John Saunders"]
[SourceDate "2024.07.17"]
[SourceVersion "1"]
[SourceVersionDate "2024.07.17"]
[SourceQuality "1"]

1. Nf3 Nf6 2. g3 e6 3. Bg2 d5 4. O-O Be7 5. c4 O-O 6. b3 c5 7. e3 Nc6 8. Bb2 b6
9. Nc3 Bb7 10. cxd5 exd5 11. d4 Rc8 12. Re1 Ne4 13. dxc5 Nxc3 14. Bxc3 bxc5 15.
Qd2 Qd7 16. Qb2 Qg4 17. h3 Qg6 18. Rad1 Rfd8 19. Rd2 Rc7 20. Ne5 Nxe5 21. Bxe5
Rcd7 22. Bc3 d4 23. exd4 Bxg2 24. Kxg2 Qc6+ 25. Kh2 cxd4 26. Rxd4 Rxd4 27. Bxd4
Bb4 28. Rc1 Qa6 29. Rc4 Bf8 30. Qc2 h5 31. Be3 Qb7 32. Qe4 Qxe4 33. Rxe4 a6 34.
Rc4 f6 35. Kg2 Rd5 36. Kf3 Ra5 37. a4 Rd5 38. Rd4 Rxd4 39. Bxd4 Kf7 40. Ke4 Ke6
41. Be3 Bb4 42. Kd4 Kd6 43. Kc4 a5 44. Bd4 Be1 45. g4 hxg4 46. hxg4 Kc6 47. f4
Bg3 48. f5 Bd6 49. Bc3 Bc7 50. b4 axb4 51. Bxb4 Bf4 52. a5 Bc7 53. a6 Kb6 54.
Ba5+ 1-0